Statistiche per Paesi Europei

Clicka qui per fare il quiz!

Statistiche generali

  • Questo quiz è stato fatto 472 volte
  • Il punteggio medio è 36 su 45

Statistiche sulle risposte

Paese % Corretto
⭐️Francia
95%
⭐️Italia
95%
⭐️Regno Unito
94%
⭐️Germania
92%
⭐️Spagna
91%
Austria
89%
⭐️Portogallo
89%
Albania
88%
⭐️Romania
88%
Russia
88%
⭐️Finlandia
87%
⭐️Grecia
87%
Norvegia
86%
⭐️Svezia
86%
San Marino
85%
⭐️Slovenia
85%
Svizzera
85%
⭐️Irlanda
84%
⭐️Estonia
84%
⭐️Andorra
84%
⭐️Paesi Bassi
84%
Città Del Vaticano
83%
⭐️Belgio
82%
⭐️Polonia
81%
⭐️Lituania
81%
⭐️Lettonia
80%
⭐️Danimarca
80%
⭐️Malta
80%
⭐️Croazia
80%
⭐️Slovacchia
79%
⭐️Ungheria
78%
Macedonia
78%
⭐️Bulgaria
78%
Bosnia-Erzegovina
78%
Montenegro
76%
Islanda
76%
⭐️Repubblica Ceca
75%
Serbia
74%
Monaco
73%
Ucraina
73%
Bielorussia
72%
⭐️Lussemburgo
72%
Liechtenstein
68%
Kosovo
57%
Moldova
42%

Distribuzione punteggi

Percentile per numero di risposta

Percentuale di utenti per punteggio

I tuoi punteggi nel tempo

Non hai fatto questo quiz